000 01227nam a2200169Ia 4500
005 20250702093301.0
008 250702s9999 xx 000 0 und d
020 _a9781850436379
082 _a915.672
_bHAM
100 _aMcMurtry, Larry
245 0 _aRoad Through Kurdistan
260 _bTauris Parke Paperbacks
_c2004
300 _a256 pages
500 _aIn 1928, Archibald Hamilton traveled to Iraqi Kurdistan, having been commissioned to build a road that would stretch from Northern Iraq, through the mountains and gorges of Kurdistan and on to the Iranian border. Now called the Hamilton Road, this was, even by today's standards, a considerable feat of engineering and remains one of the most strategically important roads in the region. In this colorful and engaging account, Hamilton describes the four years he spent overcoming immense obstacles--disease, ferocious brigands, warring tribes and bureaucratic officials--to carve a path through some of the most beautiful but inhospitable landscape in the world. Road Through Kurdistan is a classic of travel writing and an invaluable portrayal of the Iraqi Kurds themselves, and of the Kurdish regions of Northern Iraq.
650 _aHistory
942 _cENGLISH
999 _c574564
_d574564